[Event "Campeonato Femenino 2015"]
[Site "Sochi RUS"]
[Date "2015.03.19"]
[Round "6.6"]
[White "Mkrtchian, Lilit"]
[Black "Goryachkina, Aleksandra"]
[Result "1-0"]
[WhiteElo "2443"]
[BlackElo "2456"]
[PlyCount "117"]
[EventDate "2015.03.16"]
[EventType "k.o."]
[EventRounds "6"]
[EventCountry "RUS"]
[Source "lmi"]
[SourceDate "2015.03.16"]

1. c4 c6 2. Nf3 d5 3. b3 Bf5 4. Bb2 e6 5. g3 Nf6 6. Bg2 Be7 7. d3 h6 8. O-O O-O
9. Na3 Nbd7 10. Nc2 Bh7 11. Rc1 Re8 12. Qd2 Bf8 13. Ne5 Nxe5 14. Bxe5 Rc8 15.
Rfd1 Nd7 16. Bb2 Nf6 17. Bh3 Rc7 18. cxd5 Nxd5 19. e4 Nf6 20. Ne3 Rd7 21. Qe2
c5 22. Bf1 b6 23. f4 Rc7 24. Qf3 Rc8 25. Rc2 Nd7 26. Rg2 f5 27. exf5 exf5 28.
Qd5+ Kh8 29. Nxf5 Nf6 30. Qxd8 Rcxd8 31. Nxh6 Rd7 32. Bxf6 gxf6 33. Ng4 Bg7 34.
Re2 Red8 35. Ree1 Bxd3 36. Bxd3 Rxd3 37. Rxd3 Rxd3 38. Ne3 Rd7 39. Nf5 b5 40.
Re2 Kh7 41. Rc2 Bf8 42. Kf2 a5 43. Kf3 a4 44. bxa4 bxa4 45. Ke4 a3 46. g4 Rb7
47. Ne3 Re7+ 48. Kf3 Rd7 49. Nc4 Rd3+ 50. Ke4 Rh3 51. Kf5 Bh6 52. Rd2 Rf3 53.
Rd7+ Kg8 54. Kg6 Bf8 55. Nb6 Rxf4 56. h3 Rd4 57. Nd5 Rxd5 58. Rxd5 c4 59. Rd8
1-0

[Event "Campeonato Femenino 2015"]
[Site "Sochi RUS"]
[Date "2015.03.19"]
[Round "7.1"]
[White "Gomes, Mary Ann"]
[Black "Kosintseva, Tatiana"]
[Result "1-0"]
[WhiteElo "2354"]
[BlackElo "2483"]
[PlyCount "71"]
[EventDate "2015.03.16"]
[EventType "k.o."]
[EventRounds "6"]
[EventCountry "RUS"]
[Source "lmi"]
[SourceDate "2015.03.16"]

1. e4 e5 2. Nf3 Nc6 3. Bb5 a6 4. Ba4 Nf6 5. O-O Be7 6. Re1 b5 7. Bb3 d6 8. a4
Bg4 9. c3 b4 10. a5 O-O 11. h3 Bh5 12. Ba4 Nxa5 13. cxb4 Nc4 14. d3 Nb6 15. Bc6
Rb8 16. Nc3 Qc8 17. Re3 Nfd7 18. g4 Bg6 19. Re1 Rd8 20. Be3 h5 21. Nh2 hxg4 22.
hxg4 Nf8 23. Kg2 Ne6 24. Rh1 Bg5 25. Qf3 Bf4 26. Nf1 Ng5 27. Qe2 Qe6 28. Bxf4
exf4 29. f3 Qe5 30. Qf2 Ne6 31. Rxa6 Qd4 32. Qxd4 Nxd4 33. Bd5 Nd7 34. b5 Nc5
35. Ra7 Nxd3 36. Nd2 1-0

[Event "Campeonato Femenino 2015"]
[Site "Sochi RUS"]
[Date "2015.03.19"]
[Round "7.2"]
[White "Mkrtchian, Lilit"]
[Black "Goryachkina, Aleksandra"]
[Result "1-0"]
[WhiteElo "2443"]
[BlackElo "2456"]
[PlyCount "83"]
[EventDate "2015.03.16"]
[EventType "k.o."]
[EventRounds "6"]
[EventCountry "RUS"]
[Source "lmi"]
[SourceDate "2015.03.16"]

1. c4 c6 2. Nf3 d5 3. b3 Bg4 4. Bb2 Nd7 5. g3 Ngf6 6. Bg2 e6 7. O-O Bd6 8. Na3
O-O 9. d3 Qe7 10. Nc2 a5 11. Rc1 a4 12. Ne3 Bxf3 13. exf3 Ba3 14. Qe2 Bxb2 15.
Qxb2 axb3 16. axb3 Rfd8 17. d4 h6 18. c5 Ne8 19. f4 g6 20. Rfe1 Qf8 21. b4 Nc7
22. Bf1 Qg7 23. Red1 Ra4 24. Ra1 Rda8 25. Rxa4 Rxa4 26. Qb3 Ra7 27. b5 Nxb5 28.
Bxb5 cxb5 29. Qxb5 f5 30. Nc2 Kh7 31. Ne1 Qe7 32. Nf3 Qd8 33. Re1 Nf8 34. Kg2
Kg7 35. Ne5 Kg8 36. Rb1 Qc8 37. Qb6 Qa8 38. Qc7 b5 39. Qd6 Ra2 40. Rxb5 Qa4 41.
Rb8 Rxf2+ 42. Kh3 1-0

[Event "Campeonato Femenino 2015"]
[Site "Sochi RUS"]
[Date "2015.03.19"]
[Round "8.1"]
[White "Kosintseva, Tatiana"]
[Black "Gomes, Mary Ann"]
[Result "1-0"]
[WhiteElo "2483"]
[BlackElo "2354"]
[PlyCount "83"]
[EventDate "2015.03.16"]
[EventType "k.o."]
[EventRounds "6"]
[EventCountry "RUS"]
[Source "lmi"]
[SourceDate "2015.03.16"]

1. e4 c5 2. Nf3 Nc6 3. Bb5 g6 4. O-O Bg7 5. Re1 a6 6. Bxc6 dxc6 7. d3 Nf6 8. a4
b5 9. Nc3 Bg4 10. h3 Bxf3 11. Qxf3 Nd7 12. e5 Nxe5 13. Rxe5 Bxe5 14. Qxc6+ Kf8
15. axb5 a5 16. Qxc5 Qd6 17. Bh6+ Bg7 18. Bxg7+ Kxg7 19. Qxd6 exd6 20. Nd5 Rhb8
21. c4 a4 22. Kf1 Rb7 23. Ke2 f5 24. Kd2 Kf7 25. Kc3 Ke6 26. Re1+ Kf7 27. Kb4
a3 28. bxa3 Rba7 29. Ra1 Re8 30. b6 Rb7 31. Kb5 Rc8 32. a4 Rc5+ 33. Kb4 Rxd5
34. cxd5 Rxb6+ 35. Kc4 Kf6 36. a5 Ra6 37. Kb5 Ra8 38. a6 Ke5 39. Kc6 Ra7 40.
Kb6 Ra8 41. a7 Kxd5 42. Kb7 1-0

[Event "Campeonato Femenino 2015"]
[Site "Sochi RUS"]
[Date "2015.03.19"]
[Round "8.2"]
[White "Goryachkina, Aleksandra"]
[Black "Mkrtchian, Lilit"]
[Result "1-0"]
[WhiteElo "2456"]
[BlackElo "2443"]
[PlyCount "55"]
[EventDate "2015.03.16"]
[EventType "k.o."]
[EventRounds "6"]
[EventCountry "RUS"]
[Source "lmi"]
[SourceDate "2015.03.16"]

1. d4 Nf6 2. c4 e6 3. g3 d5 4. Bg2 Bb4+ 5. Nd2 O-O 6. Ngf3 dxc4 7. Qc2 c5 8.
dxc5 Qe7 9. Qxc4 Nc6 10. a3 Bxc5 11. O-O e5 12. b4 Bd4 13. Nxd4 Nxd4 14. Bb2
Be6 15. Qc5 Nxe2+ 16. Kh1 Qxc5 17. bxc5 Rad8 18. Rad1 Nd7 19. Ne4 f6 20. Rfe1
Nd4 21. Bxd4 exd4 22. Rxd4 Ne5 23. Nd6 Bc8 24. Rdd1 Nf7 25. Nxb7 Rde8 26. c6
Ne5 27. f4 Nc4 28. Bd5+ 1-0

[Event "Campeonato Femenino 2015"]
[Site "Sochi RUS"]
[Date "2015.03.19"]
[Round "9.1"]
[White "Gomes, Mary Ann"]
[Black "Kosintseva, Tatiana"]
[Result "0-1"]
[WhiteElo "2354"]
[BlackElo "2483"]
[PlyCount "80"]
[EventDate "2015.03.16"]
[EventType "k.o."]
[EventRounds "6"]
[EventCountry "RUS"]
[Source "lmi"]
[SourceDate "2015.03.16"]

1. e4 c5 2. Nf3 Nc6 3. d4 cxd4 4. Nxd4 g6 5. Nc3 Bg7 6. Be3 Nf6 7. f3 O-O 8.
Qd2 d5 9. Nxc6 bxc6 10. e5 Nd7 11. f4 e6 12. Be2 c5 13. Bf2 Bb7 14. Bf3 Rb8 15.
Ne2 d4 16. Bxb7 Rxb7 17. c3 Nb6 18. cxd4 Nc4 19. Qc3 Nxb2 20. dxc5 Nd3+ 21. Kf1
Qd5 22. Rd1 Rd8 23. Nc1 Qe4 24. Rxd3 Rxd3 25. Qxd3 Qxf4 26. Ne2 Qxe5 27. g3 Rb2
28. c6 Bf8 29. Qc4 Qc7 30. Kg2 h5 31. Rd1 a5 32. Rd7 Qc8 33. Qc3 Bg7 34. Qf3
Qe8 35. c7 Qxd7 36. Qa8+ Kh7 37. c8=Q Qxc8 38. Qxc8 Rxe2 39. Qc4 Re5 40. Qb3
Rf5 0-1

[Event "Campeonato Femenino 2015"]
[Site "Sochi RUS"]
[Date "2015.03.19"]
[Round "9.2"]
[White "Goryachkina, Aleksandra"]
[Black "Mkrtchian, Lilit"]
[Result "1-0"]
[WhiteElo "2456"]
[BlackElo "2443"]
[PlyCount "61"]
[EventDate "2015.03.16"]
[EventType "k.o."]
[EventRounds "6"]
[EventCountry "RUS"]
[Source "lmi"]
[SourceDate "2015.03.16"]

1. d4 Nf6 2. c4 e6 3. g3 d5 4. Bg2 Bb4+ 5. Nd2 O-O 6. Ngf3 dxc4 7. Qc2 c5 8.
dxc5 Qe7 9. O-O Nc6 10. Nxc4 Bxc5 11. Nce5 Nxe5 12. Nxe5 Bd6 13. Nc4 Bc5 14.
Bf4 Nd5 15. Rac1 Nxf4 16. gxf4 Rb8 17. Ne5 Bb6 18. Rfd1 f6 19. Nc4 Bc7 20. e3
b5 21. Nd2 Bb6 22. Qb3 Bb7 23. Bxb7 Rxb7 24. Ne4 a6 25. f5 Re8 26. Nd6 Rbb8 27.
Nxe8 Rxe8 28. Qxe6+ Qxe6 29. fxe6 Rxe6 30. Rd7 f5 31. Rc8+ 1-0

[Event "Campeonato Femenino 2015"]
[Site "Sochi RUS"]
[Date "2015.03.20"]
[Round "10.13"]
[White "Arabidze, Meri"]
[Black "Marrero Lopez, Yaniet"]
[Result "1/2-1/2"]
[WhiteElo "2374"]
[BlackElo "2322"]
[PlyCount "56"]
[EventDate "2015.03.16"]
[EventType "k.o."]
[EventRounds "6"]
[EventCountry "RUS"]
[Source "lmi"]
[SourceDate "2015.03.16"]

1. d4 Nf6 2. c4 e6 3. Nf3 Bb4+ 4. Bd2 Bxd2+ 5. Qxd2 d5 6. Qc2 O-O 7. Nbd2 c6 8.
g3 Nbd7 9. Bg2 b6 10. e4 dxe4 11. Nxe4 Nxe4 12. Qxe4 Bb7 13. O-O Rb8 14. Rfd1
c5 15. Qe2 cxd4 16. Nxd4 Bxg2 17. Kxg2 Qc7 18. Rac1 Qb7+ 19. Qf3 Ne5 20. Qxb7
Rxb7 21. Nb5 a6 22. Na3 Rc8 23. c5 g5 24. cxb6 Rxc1 25. Rxc1 Rxb6 26. Rc5 f6
27. b3 Kf7 28. Nc4 Nxc4 1/2-1/2

[Event "Campeonato Femenino 2015"]
[Site "Sochi RUS"]
[Date "2015.03.20"]
[Round "10.14"]
[White "Tan, Zhongyi"]
[Black "Javakhishvili, Lela"]
[Result "1/2-1/2"]
[WhiteElo "2487"]
[BlackElo "2481"]
[PlyCount "27"]
[EventDate "2015.03.16"]
[EventType "k.o."]
[EventRounds "6"]
[EventCountry "RUS"]
[Source "lmi"]
[SourceDate "2015.03.16"]

1. Nf3 Nf6 2. c4 b6 3. Nc3 Bb7 4. d4 e6 5. Bg5 Be7 6. e3 h6 7. Bh4 Ne4 8. Bxe7
Qxe7 9. Nxe4 Bxe4 10. Be2 O-O 11. O-O d6 12. Nd2 Bb7 13. Bf3 c5 14. Bxb7
1/2-1/2

[Event "Campeonato Femenino 2015"]
[Site "Sochi RUS"]
[Date "2015.03.20"]
[Round "10.15"]
[White "Sebag, Marie"]
[Black "Ushenina, Anna"]
[Result "1/2-1/2"]
[WhiteElo "2482"]
[BlackElo "2486"]
[PlyCount "30"]
[EventDate "2015.03.16"]
[EventType "k.o."]
[EventRounds "6"]
[EventCountry "RUS"]
[Source "lmi"]
[SourceDate "2015.03.16"]

1. e4 c5 2. Nf3 Nc6 3. c3 Nf6 4. e5 Nd5 5. d4 cxd4 6. cxd4 d6 7. Bc4 dxe5 8.
dxe5 Ndb4 9. Qb3 e6 10. O-O Na5 11. Bb5+ Bd7 12. Qa4 Bxb5 13. Qxb5+ Nac6 14.
Nc3 a6 15. Qe2 Qd3 1/2-1/2

[Event "Campeonato Femenino 2015"]
[Site "Sochi RUS"]
[Date "2015.03.20"]
[Round "10.16"]
[White "Galliamova, Alisa"]
[Black "Kosintseva, Tatiana"]
[Result "1-0"]
[WhiteElo "2484"]
[BlackElo "2483"]
[PlyCount "109"]
[EventDate "2015.03.16"]
[EventType "k.o."]
[EventRounds "6"]
[EventCountry "RUS"]
[Source "lmi"]
[SourceDate "2015.03.16"]

1. d4 Nf6 2. c4 e6 3. Nf3 d5 4. Nc3 Be7 5. Qc2 O-O 6. cxd5 exd5 7. Bg5 h6 8.
Bh4 b6 9. e3 c5 10. Be2 Bb7 11. O-O Nbd7 12. Rad1 Ne4 13. Bxe7 Qxe7 14. dxc5
Nxc3 15. Qxc3 bxc5 16. Qa3 a5 17. Rc1 Rfc8 18. Rfd1 Kf8 19. Ne1 Nf6 20. Bf3 a4
21. Rc3 Ra5 22. h3 Rb8 23. Nd3 d4 24. exd4 Bxf3 25. gxf3 cxd4 26. Qxe7+ Kxe7
27. Rc7+ Kf8 28. a3 Kg8 29. Rc4 Nd7 30. f4 Rb3 31. Rxd4 Nc5 32. Rd8+ Kh7 33.
Rd5 Rbb5 34. Nb4 Ne6 35. Rxb5 Rxb5 36. Rd5 Rb7 37. Nd3 g6 38. Kf1 Kg7 39. f5
gxf5 40. Rxf5 Rd7 41. Rf3 Nd4 42. Rg3+ Kf8 43. Nc5 Rc7 44. Nxa4 Rc1+ 45. Kg2
Ne2 46. Re3 Nf4+ 47. Kg3 Nd5 48. Rd3 Nf6 49. Kf3 Rh1 50. Kg2 Rc1 51. Nc3 Rc2
52. b4 Rb2 53. Na4 Rb1 54. Nc5 Ne8 55. Rb3 1-0

[Event "Campeonato Femenino 2015"]
[Site "Sochi RUS"]
[Date "2015.03.21"]
[Round "11.1"]
[White "Koneru, Humpy"]
[Black "Lei, Tingjie"]
[Result "1-0"]
[WhiteElo "2581"]
[BlackElo "2444"]
[PlyCount "83"]
[EventDate "2015.03.16"]
[EventType "k.o."]
[EventRounds "6"]
[EventCountry "RUS"]
[Source "lmi"]
[SourceDate "2015.03.16"]

1. Nf3 Nf6 2. g3 g6 3. Bg2 d5 4. O-O Bg7 5. d4 O-O 6. c4 dxc4 7. Na3 Nc6 8.
Nxc4 Be6 9. b3 Bd5 10. Bb2 a5 11. a4 Qb8 12. Nfe5 Rd8 13. Nxc6 bxc6 14. Qc2
Bxg2 15. Kxg2 Nd5 16. Rab1 Qa7 17. e3 c5 18. dxc5 Qxc5 19. Bxg7 Kxg7 20. Rfd1
Nb4 21. Qe4 e6 22. Qe5+ Qxe5 23. Nxe5 Kf6 24. f4 Rd6 25. Nc4 Rd3 26. Rxd3 Nxd3
27. Kf3 Nc5 28. e4 Rd8 29. e5+ Kg7 30. Nxa5 Rb8 31. Ra1 g5 32. Ke3 Rb4 33. Rc1
gxf4+ 34. gxf4 Nxb3 35. Rb1 Nd4 36. Rxb4 Nc2+ 37. Ke4 Nxb4 38. Nb3 Kg6 39. a5
Kh5 40. f5 Kg5 41. fxe6 fxe6 42. Nc5 1-0

[Event "Campeonato Femenino 2015"]
[Site "Sochi RUS"]
[Date "2015.03.21"]
[Round "11.3"]
[White "Muzychuk, Anna"]
[Black "Goryachkina, Aleksandra"]
[Result "1-0"]
[WhiteElo "2552"]
[BlackElo "2456"]
[PlyCount "141"]
[EventDate "2015.03.16"]
[EventType "k.o."]
[EventRounds "6"]
[EventCountry "RUS"]
[Source "lmi"]
[SourceDate "2015.03.16"]

1. e4 c6 2. d4 d5 3. e5 Bf5 4. c4 e6 5. Nc3 Ne7 6. Be3 Nd7 7. c5 Bg6 8. f4 f6
9. Nf3 Nf5 10. Bf2 fxe5 11. fxe5 Be7 12. Be2 O-O 13. O-O Nh4 14. b4 Nxf3+ 15.
Bxf3 Bh4 16. Qd2 Bxf2+ 17. Rxf2 Rf7 18. Raf1 Qe7 19. g3 Raf8 20. b5 Bf5 21. Bh5
Bg6 22. Bxg6 hxg6 23. bxc6 Rxf2 24. Rxf2 bxc6 25. Nd1 Qd8 26. Kg2 Qb8 27. Qb2
Rxf2+ 28. Kxf2 Qf8+ 29. Kg2 Qc8 30. Nf2 Qa6 31. Qc2 Nf8 32. Nh3 Qa5 33. Ng5 Qd8
34. h4 Qb8 35. Qb3 Qc8 36. Qb1 Qa6 37. Qf1 Qb7 38. a4 Qe7 39. Qb1 Qc7 40. Kg1
Qc8 41. a5 Nh7 42. Qxg6 Nxg5 43. Qxg5 Qf8 44. Qg6 Qf3 45. Qxe6+ Kh7 46. Qh3
Qd1+ 47. Kh2 Qd2+ 48. Qg2 Qxd4 49. Qe2 Qxc5 50. e6 Qe7 51. Qc2+ Kh6 52. Qc1+ g5
53. hxg5+ Kh5 54. Qxc6 Qxg5 55. Qc2 Qe5 56. Qh7+ Kg5 57. Qg8+ Kh6 58. Qf8+ Kh7
59. Qf7+ Qg7 60. Qh5+ Kg8 61. Qxd5 Qh7+ 62. Kg2 Qc2+ 63. Kh3 Kf8 64. Qd8+ Kg7
65. Qg5+ Kh7 66. Qh5+ Kg7 67. Qg5+ Kh7 68. Qh5+ Kg7 69. e7 Qc6 70. Qe5+ Kh6 71.
e8=Q 1-0

[Event "Campeonato Femenino 2015"]
[Site "Sochi RUS"]
[Date "2015.03.21"]
[Round "11.4"]
[White "Kovalevskaya, Ekaterina"]
[Black "Cmilyte, Viktorija"]
[Result "1/2-1/2"]
[WhiteElo "2438"]
[BlackElo "2530"]
[PlyCount "88"]
[EventDate "2015.03.16"]
[EventType "k.o."]
[EventRounds "6"]
[EventCountry "RUS"]
[Source "lmi"]
[SourceDate "2015.03.16"]

1. e4 c5 2. Nf3 Nc6 3. d4 cxd4 4. Nxd4 Nf6 5. Nc3 e5 6. Ndb5 d6 7. Bg5 a6 8.
Na3 b5 9. Bxf6 gxf6 10. Nd5 f5 11. exf5 Bxf5 12. c3 Bg7 13. Nc2 O-O 14. Be2 Be6
15. O-O f5 16. a4 bxa4 17. Rxa4 a5 18. Bb5 Ne7 19. Bc4 Kh8 20. Nxe7 Qxe7 21.
Ne3 f4 22. Nd5 Qb7 23. Qf3 Rac8 24. Ba2 Rc5 25. c4 Bd7 26. Ra3 e4 27. Qxe4 Qxb2
28. Qf3 Qe5 29. Rd3 Bf5 30. Rd2 Be4 31. Qg4 Bh6 32. Re2 Qf5 33. Qxf5 Bxf5 34.
Rfe1 Bg5 35. f3 Kg7 36. Rd1 Rb8 37. Nc3 Bf6 38. Nb5 d5 39. Nd6 dxc4 40. Nxf5+
Rxf5 41. Bxc4 Rd8 42. Rxd8 Bxd8 43. Rd2 Be7 44. Rd5 Rxd5 1/2-1/2

[Event "Campeonato Femenino 2015"]
[Site "Sochi RUS"]
[Date "2015.03.21"]
[Round "11.6"]
[White "Girya, Olga"]
[Black "Gunina, Valentina"]
[Result "0-1"]
[WhiteElo "2459"]
[BlackElo "2528"]
[PlyCount "88"]
[EventDate "2015.03.16"]
[EventType "k.o."]
[EventRounds "6"]
[EventCountry "RUS"]
[Source "lmi"]
[SourceDate "2015.03.16"]

1. d4 Nf6 2. c4 e6 3. Nf3 b6 4. g3 Bb4+ 5. Bd2 Bxd2+ 6. Qxd2 Ba6 7. b3 d5 8.
Bg2 c6 9. O-O O-O 10. Rc1 Nbd7 11. a4 Ne4 12. Qb2 c5 13. e3 Rc8 14. Na3 cxd4
15. exd4 Bb7 16. Nd2 Ndf6 17. Nb5 Nxd2 18. Qxd2 a6 19. Nc3 Qe7 20. Qd3 dxc4 21.
bxc4 Bxg2 22. Kxg2 Qb7+ 23. Kg1 Qc6 24. Nd1 Rfd8 25. Ne3 Qf3 26. Rd1 Ne4 27.
Ra2 b5 28. axb5 axb5 29. cxb5 Nc3 30. Rad2 Nxd1 31. Rxd1 Ra8 32. Qb3 Qe2 33. d5
Ra2 34. Rf1 exd5 35. Nxd5 Rd2 36. Nc3 Qe6 37. Qb4 h6 38. b6 Rb8 39. Rb1 Qd6 40.
Qa5 Qd4 41. Rf1 Qxb6 42. Qf5 Qd4 43. Ne4 Re2 44. Qf4 Rd8 0-1

[Event "Campeonato Femenino 2015"]
[Site "Sochi RUS"]
[Date "2015.03.21"]
[Round "11.7"]
[White "Zhao, Xue"]
[Black "Melia, Salome"]
[Result "1-0"]
[WhiteElo "2527"]
[BlackElo "2459"]
[PlyCount "113"]
[EventDate "2015.03.16"]
[EventType "k.o."]
[EventRounds "6"]
[EventCountry "RUS"]
[Source "lmi"]
[SourceDate "2015.03.16"]

1. d4 Nf6 2. c4 e6 3. Nc3 Bb4 4. Qc2 O-O 5. a3 Bxc3+ 6. Qxc3 b6 7. Bg5 Bb7 8.
Nf3 d6 9. Nd2 c5 10. dxc5 bxc5 11. e3 Nbd7 12. Be2 Nd5 13. Bxd8 Nxc3 14. Be7
Rfe8 15. Bxd6 Nxe2 16. Kxe2 Bxg2 17. Rhg1 Bb7 18. b4 Rac8 19. Nb3 Ba6 20. b5
Bb7 21. a4 e5 22. a5 f6 23. Rad1 Be4 24. Rd2 Kf7 25. f3 Ba8 26. e4 g5 27. Kd3
h6 28. h4 gxh4 29. Rh1 h5 30. Rxh4 Rh8 31. Ke3 Rh7 32. Rd3 Kg6 33. f4 Kh6 34.
Rd1 Rg7 35. Rdh1 Kg6 36. Rg1+ Kf7 37. Rxg7+ Kxg7 38. fxe5 fxe5 39. Rxh5 Kf6 40.
Rh6+ Kf7 41. Rh7+ Ke6 42. Be7 Rg8 43. Nxc5+ Nxc5 44. Bxc5 Rg3+ 45. Kf2 Rc3 46.
Re7+ Kf6 47. Rxa7 Bxe4 48. Rc7 Kf5 49. a6 Rxc4 50. b6 Rc2+ 51. Ke1 Rb2 52. b7
Rb1+ 53. Kd2 Rb2+ 54. Kc3 Rb1 55. Ba7 Rc1+ 56. Kb4 Rb1+ 57. Kc5 1-0

[Event "Campeonato Femenino 2015"]
[Site "Sochi RUS"]
[Date "2015.03.21"]
[Round "11.8"]
[White "Socko, Monika"]
[Black "Muzychuk, Mariya"]
[Result "1/2-1/2"]
[WhiteElo "2463"]
[BlackElo "2526"]
[PlyCount "27"]
[EventDate "2015.03.16"]
[EventType "k.o."]
[EventRounds "6"]
[EventCountry "RUS"]
[Source "lmi"]
[SourceDate "2015.03.16"]

1. d4 Nf6 2. c4 e6 3. Nf3 d5 4. Nc3 c6 5. e3 Nbd7 6. Qc2 Bd6 7. Bd3 O-O 8. O-O
e5 9. cxd5 cxd5 10. e4 exd4 11. Nxd5 Nxd5 12. exd5 h6 13. h3 Ne5 14. Nxe5
1/2-1/2

[Event "Campeonato Femenino 2015"]
[Site "Sochi RUS"]
[Date "2015.03.21"]
[Round "11.9"]
[White "Stefanova, Antoaneta"]
[Black "Gaponenko, Inna"]
[Result "1/2-1/2"]
[WhiteElo "2522"]
[BlackElo "2384"]
[PlyCount "23"]
[EventDate "2015.03.16"]
[EventType "k.o."]
[EventRounds "6"]
[EventCountry "RUS"]
[Source "lmi"]
[SourceDate "2015.03.16"]

1. Nf3 Nf6 2. g3 c5 3. Bg2 g6 4. c3 Bg7 5. d4 Qc7 6. O-O O-O 7. Re1 d5 8. Bf4
Qb6 9. Qb3 Nc6 10. Na3 Qxb3 11. axb3 cxd4 12. Nxd4 1/2-1/2

[Event "Campeonato Femenino 2015"]
[Site "Sochi RUS"]
[Date "2015.03.21"]
[Round "11.10"]
[White "Huang, Qian"]
[Black "Khotenashvili, Bela"]
[Result "1/2-1/2"]
[WhiteElo "2473"]
[BlackElo "2513"]
[PlyCount "25"]
[EventDate "2015.03.16"]
[EventType "k.o."]
[EventRounds "6"]
[EventCountry "RUS"]
[Source "lmi"]
[SourceDate "2015.03.16"]

1. Nf3 d5 2. d4 Nf6 3. c4 e6 4. Nc3 Be7 5. Bg5 O-O 6. e3 h6 7. Bxf6 Bxf6 8. Qb3
dxc4 9. Qxc4 b6 10. Ne4 c5 11. Rd1 cxd4 12. Nxf6+ Qxf6 13. Qxd4 1/2-1/2

[Event "Campeonato Femenino 2015"]
[Site "Sochi RUS"]
[Date "2015.03.21"]
[Round "11.13"]
[White "Marrero Lopez, Yaniet"]
[Black "Arabidze, Meri"]
[Result "0-1"]
[WhiteElo "2322"]
[BlackElo "2374"]
[PlyCount "68"]
[EventDate "2015.03.16"]
[EventType "k.o."]
[EventRounds "6"]
[EventCountry "RUS"]
[Source "lmi"]
[SourceDate "2015.03.16"]

1. e4 c5 2. Nf3 e6 3. d4 cxd4 4. Nxd4 a6 5. c4 Nf6 6. Nc3 Qc7 7. Be2 b6 8. O-O
Bb7 9. Qd3 Nc6 10. Nxc6 dxc6 11. f4 Rd8 12. Qh3 c5 13. e5 Ne4 14. f5 Nxc3 15.
bxc3 exf5 16. e6 fxe6 17. Bh5+ g6 18. Bxg6+ hxg6 19. Qxh8 Qc6 20. Rf3 Rd1+ 21.
Kf2 Qe4 22. Qxf8+ Kxf8 23. Bh6+ Ke8 24. Rxd1 Qh4+ 25. Rg3 Qxh6 26. Rgd3 Be4 27.
Rh3 Qf4+ 28. Kg1 Bxg2 29. Rg3 Be4 30. Rf1 Qh6 31. a4 g5 32. Re3 g4 33. Rfe1 Ke7
34. R1e2 Bc6 0-1

[Event "Campeonato Femenino 2015"]
[Site "Sochi RUS"]
[Date "2015.03.21"]
[Round "11.14"]
[White "Javakhishvili, Lela"]
[Black "Tan, Zhongyi"]
[Result "1-0"]
[WhiteElo "2481"]
[BlackElo "2487"]
[PlyCount "109"]
[EventDate "2015.03.16"]
[EventType "k.o."]
[EventRounds "6"]
[EventCountry "RUS"]
[Source "lmi"]
[SourceDate "2015.03.16"]

1. d4 d5 2. Nf3 Nf6 3. c4 e6 4. Nc3 Bb4 5. cxd5 exd5 6. Bg5 h6 7. Bh4 c5 8.
dxc5 Nbd7 9. Qa4 Bxc3+ 10. bxc3 O-O 11. Qb4 a5 12. Qd4 Re8 13. Nd2 Qe7 14. e3
g5 15. Bg3 Nxc5 16. h4 Ne6 17. Qe5 Ng4 18. Qd6 Qxd6 19. Bxd6 d4 20. Ne4 dxe3
21. f3 f5 22. fxg4 fxe4 23. hxg5 Nxg5 24. Bb5 Bd7 25. Bxd7 Red8 26. Bf4 Rxd7
27. Rxh6 Nf7 28. Re6 Rc8 29. g5 Nd8 30. Rxe4 Rxc3 31. Rxe3 Rc4 32. g3 Nc6 33.
Rd1 Nd4 34. Kf1 Rh7 35. Kg1 Rd7 36. Kf1 Rh7 37. Kg1 Rd7 38. Rd2 Rc2 39. Rxc2
Nxc2 40. Re5 a4 41. Ra5 a3 42. g6 Kg7 43. Rg5 Nd4 44. Be5+ Kg8 45. Kg2 Nc6 46.
Bf6 Rd2+ 47. Kf1 Rd6 48. Rf5 b5 49. g4 b4 50. g5 b3 51. axb3 a2 52. Kg2 Rd1 53.
Rc5 Rd6 54. Rc1 Re6 55. Rh1 1-0

[Event "Campeonato Femenino 2015"]
[Site "Sochi RUS"]
[Date "2015.03.21"]
[Round "11.15"]
[White "Ushenina, Anna"]
[Black "Sebag, Marie"]
[Result "1/2-1/2"]
[WhiteElo "2486"]
[BlackElo "2482"]
[PlyCount "120"]
[EventDate "2015.03.16"]
[EventType "k.o."]
[EventRounds "6"]
[EventCountry "RUS"]
[Source "lmi"]
[SourceDate "2015.03.16"]

1. Nf3 d5 2. g3 Nf6 3. Bg2 c6 4. O-O Bg4 5. c4 e6 6. d3 Be7 7. Qb3 Qb6 8. Qc2
Nbd7 9. Be3 Qc7 10. cxd5 exd5 11. Nc3 Bxf3 12. Bxf3 Ne5 13. Bg2 Qd7 14. Bd4 Ng6
15. Rad1 h5 16. e4 h4 17. exd5 O-O 18. Bxf6 Bxf6 19. d4 Rad8 20. dxc6 bxc6 21.
d5 cxd5 22. Nxd5 Qg4 23. h3 Qe6 24. Rfe1 Qa6 25. Bf1 Qb7 26. Nxf6+ gxf6 27. Bg2
Qb6 28. Kh2 Kg7 29. b3 Rd4 30. Rxd4 Qxd4 31. Rd1 Qe5 32. Be4 Re8 33. Bg2 Qe2
34. Rd2 Qe1 35. Rd1 Re2 36. Rxe1 Rxc2 37. a4 Rxf2 38. Re3 Rb2 39. Kg1 f5 40.
gxh4 f4 41. Rc3 Nxh4 42. Bd5 Kf6 43. a5 Ke5 44. Rd3 Nf5 45. b4 Rxb4 46. Bxf7
Ke4 47. Rd8 Rb1+ 48. Kf2 Rb2+ 49. Ke1 f3 50. Bg6 Ra2 51. Bxf5+ Kxf5 52. Rd7
Rxa5 53. Kf2 Ra3 54. Rf7+ Ke4 55. Re7+ Kf4 56. Rf7+ Kg5 57. Rxf3 Rxf3+ 58. Kxf3
a5 59. Ke3 a4 60. Kd3 Kh4 1/2-1/2

[Event "Campeonato Femenino 2015"]
[Site "Sochi RUS"]
[Date "2015.03.21"]
[Round "11.16"]
[White "Kosintseva, Tatiana"]
[Black "Galliamova, Alisa"]
[Result "1/2-1/2"]
[WhiteElo "2483"]
[BlackElo "2484"]
[PlyCount "60"]
[EventDate "2015.03.16"]
[EventType "k.o."]
[EventRounds "6"]
[EventCountry "RUS"]
[Source "lmi"]
[SourceDate "2015.03.16"]

1. e4 e5 2. Nf3 Nc6 3. d4 exd4 4. Bc4 Nf6 5. e5 d5 6. Bb5 Ne4 7. Nxd4 Bd7 8.
Bxc6 bxc6 9. O-O Bc5 10. f3 Ng5 11. f4 Ne4 12. Be3 Bb6 13. Nd2 c5 14. N4b3 Nxd2
15. Qxd2 d4 16. Bf2 Bb5 17. Rfe1 Qd5 18. f5 O-O-O 19. a4 Bc6 20. Qg5 c4 21. a5
cxb3 22. axb6 axb6 23. cxb3 d3 24. Rad1 f6 25. Qg3 Rhe8 26. Re3 d2 27. e6 Qxf5
28. e7 Rd7 29. h3 Qh5 30. Qg4 Qxg4 1/2-1/2

[Event "Campeonato Femenino 2015"]
[Site "Sochi RUS"]
[Date "2015.03.23"]
[Round "18.1"]
[White "Koneru, Humpy"]
[Black "Galliamova, Alisa"]
[Result "1-0"]
[WhiteElo "2581"]
[BlackElo "2484"]
[PlyCount "75"]
[EventDate "2015.03.16"]
[EventType "k.o."]
[EventRounds "6"]
[EventCountry "RUS"]
[Source "lmi"]
[SourceDate "2015.03.16"]

1. d4 d5 2. c4 c6 3. Nc3 Nf6 4. e3 e6 5. Nf3 Nbd7 6. Qc2 b6 7. Bd3 Bb7 8. O-O
Be7 9. b3 dxc4 10. bxc4 c5 11. Ne5 cxd4 12. exd4 Nxe5 13. dxe5 Nd7 14. Bf4 g5
15. Bg3 h5 16. h3 h4 17. Bh2 g4 18. Be4 Bxe4 19. Qxe4 gxh3 20. Nb5 Rb8 21. gxh3
a6 22. Nd6+ Bxd6 23. exd6 Qg5+ 24. Kh1 Rc8 25. Rae1 Kd8 26. Rg1 Qc5 27. Qf4 Qf5
28. Qxf5 exf5 29. Re7 Rf8 30. Bf4 Rxc4 31. Bh6 Rh8 32. Rxf7 Kc8 33. Rgg7 Nc5
34. Be3 Rd8 35. Bxc5 Rxc5 36. Ra7 Kb8 37. Rgb7+ Kc8 38. d7+ 1-0

[Event "Campeonato Femenino 2015"]
[Site "Sochi RUS"]
[Date "2015.03.23"]
[Round "18.3"]
[White "Muzychuk, Anna"]
[Black "Javakhishvili, Lela"]
[Result "1/2-1/2"]
[WhiteElo "2552"]
[BlackElo "2481"]
[PlyCount "45"]
[EventDate "2015.03.16"]
[EventType "k.o."]
[EventRounds "6"]
[EventCountry "RUS"]
[Source "lmi"]
[SourceDate "2015.03.16"]

1. e4 c5 2. Nf3 Nc6 3. d4 cxd4 4. Nxd4 Nf6 5. Nc3 d6 6. Bg5 e6 7. Qd2 a6 8.
O-O-O Bd7 9. f4 b5 10. Bxf6 gxf6 11. Kb1 Qb6 12. Nf3 b4 13. Ne2 Na5 14. Ned4
Rc8 15. Bd3 Nb7 16. Qe1 a5 17. e5 dxe5 18. fxe5 f5 19. Qh4 h5 20. Rhe1 Nc5 21.
Bc4 Be7 22. Qg3 Ne4 23. Qg7 1/2-1/2